| 000 -ლიდერი |
| ფიქსირებული სიგრძის საკონტროლო ველი |
01067nam a22002177a 4500 |
| 003 - საკონტროლო ნომრის იდენტიფიკატორი |
| საკონტროლო ველი |
Ge_BSU |
| 005 - ბოლო ოპერაციის თარიღი და დრო |
| საკონტროლო ველი |
20191112163610.0 |
| 008 - ფიქსირებული სიგრძის მონაცემთა ელემენტები - ზოგადი ინფორმაცია |
| ფიქსირებული სიგრძის საკონტროლო ველი |
191112s2018 ge ||||| |||| 00| 0 geo d |
| 020 ## - წიგნის საერთაშორისო სტანდარტული ნომერი |
| International Standard Book Number |
9789941962523 |
| 041 ## - ენის კოდი |
| Language code of text/sound track or separate title |
geo |
| Language code of original and/or intermediate translations of text |
fr |
| 080 ## - უნივერსალური ათობითი კლასიფიკაციის ინდექსი |
| Universal Decimal Classification number |
821.133.1.03=353.1 დ-15 |
| 100 ## - მთავარი ჩანაწერი - პიროვნების სახელი |
| Personal name |
დავრიშევი ქეთევან ( დავრიშაშვილი). |
| 9 (RLIN) |
5314 |
| 245 ## - ცნობა სათაურის შესახებ |
| Title |
დაშორებულები : |
| Remainder of title |
რომანი / |
| Statement of responsibility, etc |
ქეთევან დავრიშევი (დავროშაშვილი) ; ფრანგ.თარგმნ. ცისანა ბიბილეიშვილმა. |
| 264 ## - წარმოების, გამოცემის, დისტრიბუციის და სხვა ცნობები |
| გამოცემის, წარმოების, დისტრიბუციის... ადგილი |
თბილისი : |
| გამოცემის, წარმოების, დისტრიბუციის... სახელწოდება |
საგა, |
| გამოცემის, წარმოების, დისტრიბუციის... თარიღი |
2017. |
| 300 ## - ფიზიკური აღწერა |
| Extent |
152 გვ.: |
| Other physical details |
ილ.; |
| Dimensions |
19 სმ. |
| 546 ## - LANGUAGE NOTE |
| Language note |
ტარგმანი ფრანგულიდან |
| 653 ## - INDEX TERM--UNCONTROLLED |
| Uncontrolled term |
რომანი |
| 653 ## - INDEX TERM--UNCONTROLLED |
| Uncontrolled term |
მხატვრული ლიტერატურა |
| 700 ## - ADDED ENTRY--PERSONAL NAME |
| Personal name |
ბიბილეიშვილი, ცისანა |
| Relator term |
მთარგმნელი |
| 9 (RLIN) |
5315 |
| 942 ## - ADDED ENTRY ELEMENTS (KOHA) |
| Source of classification or shelving scheme |
|
| Koha item type |
წიგნი |